[Event "Kiev Spring op"]
[Site "Kiev"]
[Date "2023.03.27"]
[Round "3"]
[White "Zhukovskyi, Myhaylo"]
[Black "Tobak, Mikhail"]
[Result "1/2-1/2"]
[WhiteElo "1695"]
[BlackElo "2334"]
[PlyCount "55"]
[EventDate "2023.03.25"]
[EventType "swiss"]
[EventRounds "9"]
[EventCountry "UKR"]
[SourceTitle "EXT 2024"]
[Source "ChessBase"]
[SourceDate "2023.10.10"]
[SourceVersion "1"]
[SourceVersionDate "2023.10.10"]
[SourceQuality "1"]

1. Nf3 Nf6 2. g3 d5 3. Bg2 Bg4 4. d3 Nbd7 5. 0-0 e5 6. h3 Bh5 7. Nc3 c6 8. e4 dxe4 9. Nxe4 Nxe4 10. dxe4 Qf6 11. Qd3 h6 12. Nh4 Nc5 13. Qc3 Be2 14. Re1 Ba6 15. Be3 Ne6 16. Rad1 g6 17. f4 Bg7 18. f5 Nd4 19. Bxd4 exd4 20. e5 Qxh4 21. Rxd4 Qg5 22. f6 0-0 23. fxg7 Kxg7 24. Rg4 Qe7 25. e6+ Qf6 26. Qxf6+ Kxf6 27. exf7 Rxf7 28. c4 1/2-1/2

[Event "Prague op 21st"]
[Site "Prague"]
[Date "2023.01.12"]
[Round "8"]
[White "Tobak, Mikhail"]
[Black "Baumegger, Siegfried"]
[Result "1-0"]
[WhiteElo "2297"]
[BlackElo "2439"]
[PlyCount "69"]
[EventDate "2023.01.06"]
[EventType "swiss"]
[EventRounds "9"]
[EventCountry "CZE"]
[SourceTitle "CBM 212 Extra"]
[Source "ChessBase"]
[SourceDate "2023.03.31"]
[SourceVersion "1"]
[SourceVersionDate "2023.03.31"]
[SourceQuality "1"]

1. e4 c5 2. Nf3 d6 3. d4 cxd4 4. Nxd4 Nf6 5. Nc3 Nc6 6. Nde2 e6 7. g3 Be7 8. Bg2 0-0 9. 0-0 Rb8 10. a4 a6 11. Nd4 Qc7 12. h3 Bd7 13. Kh2 Rfc8 14. Nxc6 Bxc6 15. a5 b5 16. axb6 Rxb6 17. Ra2 Bb7 18. Bd2 Rc6 19. Re1 Rc4 20. Qe2 Bf8 21. f4 d5 22. exd5 exd5 23. Nd1 Rxc2 24. Ne3 Rc6 25. Bc3 Re8 26. Qd3 Rce6 27. Raa1 h5 28. f5 Ne4 29. Nxd5 Bxd5 30. fxe6 Nxc3 31. Bxd5 Nxd5 32. exf7+ Qxf7 33. Rxe8 Qf2+ 34. Kh1 Nf6 35. Qb3+ 1-0

[Event "Prague op 21st"]
[Site "Prague"]
[Date "2023.01.08"]
[Round "4"]
[White "Vaculik, Jakub"]
[Black "Tobak, Mikhail"]
[Result "0-1"]
[WhiteElo "2200"]
[BlackElo "2297"]
[PlyCount "104"]
[EventDate "2023.01.06"]
[EventType "swiss"]
[EventRounds "9"]
[EventCountry "CZE"]
[SourceTitle "CBM 212 Extra"]
[Source "ChessBase"]
[SourceDate "2023.03.31"]
[SourceVersion "1"]
[SourceVersionDate "2023.03.31"]
[SourceQuality "1"]

1. c4 e5 2. Nc3 Nc6 3. d3 d6 4. g3 f5 5. Bg2 Nf6 6. Bg5 Be7 7. e3 0-0 8. Nge2 h6 9. Bxf6 Bxf6 10. Nd5 f4 11. Nec3 fxe3 12. fxe3 Bg5 13. h4 Be7 14. Qh5 Bf5 15. 0-0-0 Qd7 16. Be4 Rae8 17. Rdf1 Bxe4 18. Nxe4 Bd8 19. g4 Rxf1+ 20. Rxf1 Rf8 21. Rxf8+ Kxf8 22. g5 Qf5 23. Ng3 Qxd3 24. gxh6 Qxc4+ 25. Kb1 Qd3+ 26. Kc1 gxh6 27. Qxh6+ Kf7 28. Nc3 Qg6 29. Qxg6+ Kxg6 30. h5+ Kh6 31. Nd5 Nb8 32. e4 Nd7 33. Kd2 Nf6 34. Nxf6 Bxf6 35. Ke3 Bh4 36. Nf5+ Kxh5 37. Ng7+ Kg4 38. Ne6 c6 39. a4 a5 40. b3 Bf6 41. Nc7 Bg5+ 42. Ke2 Bd8 43. Ne8 Be7 44. Ng7 Kf4 45. Nf5 Bf8 46. Ne3 Kxe4 47. Nc4 d5 48. Nxa5 d4 49. Nxb7 d3+ 50. Kd1 Kf3 51. Nd8 e4 52. Ne6 e3 0-1

[Event "Wch U16"]
[Site "Mamaia"]
[Date "2022.09.16"]
[Round "11"]
[White "Kanov, Nikola"]
[Black "Tobak, Mikhail"]
[Result "1/2-1/2"]
[WhiteElo "2176"]
[BlackElo "2312"]
[PlyCount "116"]
[EventDate "2022.09.06"]
[EventType "swiss"]
[EventRounds "11"]
[EventCountry "ROU"]
[SourceTitle "CBM 210 Extra"]
[Source "ChessBase"]
[SourceDate "2022.11.30"]
[SourceVersion "1"]
[SourceVersionDate "2022.11.30"]
[SourceQuality "1"]

1. e4 c6 2. d4 d5 3. Nc3 dxe4 4. Nxe4 Nf6 5. Nxf6+ gxf6 6. c3 Qd5 7. Nf3 Rg8 8. g3 Qe4+ 9. Be3 Bg4 10. Bg2 Bh6 11. Qe2 Bxe3 12. Qxe3 Qxe3+ 13. fxe3 Nd7 14. a4 0-0-0 15. Kf2 Kc7 16. b4 Nb6 17. Nd2 Be6 18. Bf1 Nd5 19. Rc1 f5 20. b5 Nf6 21. c4 h5 22. Nf3 c5 23. Bg2 h4 24. gxh4 f4 25. exf4 Ng4+ 26. Ke2 cxd4 27. Ng5 Bf5 28. Nxf7 d3+ 29. Kd2 Rd4 30. Ng5 e5 31. fxe5 Nxe5 32. Bd5 Rh8 33. Rhf1 Bd7 34. Nf3 Nxf3+ 35. Rxf3 Rdxh4 36. Kxd3 Rxh2 37. a5 Ra2 38. b6+ axb6 39. axb6+ Kd6 40. Bxb7 Kc5 41. Bd5 Bg4 42. Rf6 Rh3+ 43. Ke4 Bd7 44. Re1 Rh4+ 45. Ke3 Rh3+ 46. Rf3 Ra3+ 47. Kf4 Rhxf3+ 48. Bxf3 Kxb6 49. Re7 Bc6 50. Bd5 Bxd5 51. cxd5 Kc5 52. Rd7 Ra8 53. Ke5 Re8+ 54. Kf6 Re1 55. d6 Kd5 56. Rd8 Re6+ 57. Kf5 Rxd6 58. Rxd6+ Kxd6 1/2-1/2

[Event "Wch U16"]
[Site "Mamaia"]
[Date "2022.09.15"]
[Round "10"]
[White "Tobak, Mikhail"]
[Black "Asllani, Dorian"]
[Result "1-0"]
[WhiteElo "2312"]
[BlackElo "2203"]
[PlyCount "95"]
[EventDate "2022.09.06"]
[EventType "swiss"]
[EventRounds "11"]
[EventCountry "ROU"]
[SourceTitle "CBM 210 Extra"]
[Source "ChessBase"]
[SourceDate "2022.11.30"]
[SourceVersion "1"]
[SourceVersionDate "2022.11.30"]
[SourceQuality "1"]

1. e4 c5 2. Nf3 Nc6 3. d4 cxd4 4. Nxd4 g6 5. Nc3 Bg7 6. Nde2 Nf6 7. g3 0-0 8. Bg2 d6 9. 0-0 a6 10. a4 Qc7 11. Bg5 Nb4 12. Qd2 Bd7 13. a5 Rac8 14. h3 Bc6 15. Rfe1 Be8 16. Be3 Qb8 17. Nf4 e6 18. Red1 h5 19. Nd3 Nc6 20. Bf4 Nd7 21. Na4 Nd4 22. Ne1 Ne5 23. Nb6 Rxc2 24. Qxd4 Nf3+ 25. Bxf3 Bxd4 26. Nxc2 Be5 27. Bh6 Bg7 28. Bg5 Qc7 29. Nd4 Qc5 30. Be3 Qb4 31. Rd2 Bxd4 32. Rxd4 Qxb2 33. Rad1 f5 34. exf5 Rxf5 35. Be4 Rf8 36. Rxd6 Bf7 37. Nd7 Rc8 38. Bd4 Qb4 39. Nf6+ Kf8 40. Be5 Qxa5 41. Bxb7 Rb8 42. Rxa6 Qb5 43. Bxb8 Qxb7 44. Rd8+ Kg7 45. Be5 g5 46. Rb6 Qf3 47. Nd5+ Kg6 48. Ne7+ 1-0

[Event "Wch U16"]
[Site "Mamaia"]
[Date "2022.09.06"]
[Round "1"]
[White "Tobak, Mikhail"]
[Black "Shonazarov, Orash"]
[Result "0-1"]
[WhiteElo "2312"]
[BlackElo "1994"]
[PlyCount "138"]
[EventDate "2022.09.06"]
[EventType "swiss"]
[EventRounds "11"]
[EventCountry "ROU"]
[SourceTitle "CBM 210 Extra"]
[Source "ChessBase"]
[SourceDate "2022.11.30"]
[SourceVersion "1"]
[SourceVersionDate "2022.11.30"]
[SourceQuality "1"]

1. e4 c5 2. Nf3 d6 3. c3 Nf6 4. Bd3 Nc6 5. Bc2 Bg4 6. d3 e6 7. Nbd2 Be7 8. 0-0 Qc7 9. Re1 d5 10. Qe2 0-0 11. h3 Bh5 12. Nf1 c4 13. exd5 cxd3 14. Bxd3 Nxd5 15. Ng3 Bg6 16. Bxg6 hxg6 17. c4 Nf4 18. Qe3 g5 19. Ne4 f6 20. Nc3 Qa5 21. Nd4 Ne5 22. Qe4 Nfd3 23. Nxe6 Qb6 24. Re3 Rfc8 25. Nd5 Qxe6 26. Nxe7+ Qxe7 27. Qxd3 Qf7 28. Rxe5 fxe5 29. b3 Rd8 30. Qe2 Qf5 31. Bb2 e4 32. Re1 Re8 33. Qe3 b6 34. Qd4 Qg6 35. Qd7 Qf7 36. Qb5 Qg6 37. Re3 Rac8 38. b4 Rf8 39. Qd5+ Qf7 40. Qxf7+ Kxf7 41. Rxe4 Rfe8 42. Rg4 Re1+ 43. Kh2 Re2 44. Bc3 Rc2 45. Be5 R8xc4 46. Rxg5 g6 47. Rg3 Rxa2 48. Rf3+ Ke6 49. Bc3 Kd5 50. Be1 Re4 51. Bc3 Kc4 52. Bf6 Kxb4 53. g4 Ra3 54. Kg3 Rxf3+ 55. Kxf3 Re6 56. Bg7 Kc4 57. h4 Re7 58. Bb2 Rf7+ 59. Kg3 Kd5 60. f4 Ke6 61. Kf3 a5 62. Ke4 Rc7 63. h5 Rc4+ 64. Bd4 gxh5 65. f5+ Kf7 66. g5 h4 67. g6+ Kg8 68. f6 h3 69. f7+ Kf8 0-1

[Event "Viljandi Raud Memorial 56th"]
[Site "Viljandi"]
[Date "2022.07.04"]
[Round "2"]
[White "Laurusas, Tomas"]
[Black "Tobak, Mikhail"]
[Result "1-0"]
[WhiteElo "2561"]
[BlackElo "2307"]
[PlyCount "57"]
[EventDate "2022.07.03"]
[EventType "swiss"]
[EventRounds "9"]
[EventCountry "EST"]
[SourceTitle "CBM 209 Extra"]
[Source "ChessBase"]
[SourceDate "2022.09.30"]
[SourceVersion "1"]
[SourceVersionDate "2022.09.30"]
[SourceQuality "1"]

1. d4 d6 2. g3 e5 3. Bg2 Nf6 4. Nc3 exd4 5. Qxd4 Nc6 6. Qd2 g6 7. b3 Bg7 8. Bb2 0-0 9. e4 Re8 10. Nge2 Bg4 11. 0-0-0 a5 12. a4 Nb4 13. f3 Bd7 14. Kb1 Qb8 15. Nb5 Bxb5 16. axb5 Qa7 17. c3 a4 18. cxb4 axb3 19. Nc3 Nd7 20. Bf1 Nb6 21. Bd3 d5 22. Rhe1 dxe4 23. Rxe4 Red8 24. Kc1 c6 25. bxc6 Rac8 26. Qg5 h6 27. Qa5 Qxa5 28. bxa5 Bxc3 29. cxb7 1-0

[Event "Wch U16 blitz"]
[Site "Rhodes"]
[Date "2022.05.03"]
[Round "8"]
[White "Tobak, Mikhail"]
[Black "Andreev, Konstantin1"]
[Result "1-0"]
[WhiteElo "2068"]
[BlackElo "1939"]
[PlyCount "83"]
[EventDate "2022.05.03"]
[EventType "swiss (blitz)"]
[EventRounds "9"]
[EventCountry "GRE"]
[SourceTitle "CBM 208 Extra"]
[Source "ChessBase"]
[SourceDate "2022.07.31"]
[SourceVersion "1"]
[SourceVersionDate "2022.07.31"]
[SourceQuality "1"]

1. e4 c5 2. Nf3 Nc6 3. Bb5 e6 4. 0-0 Nge7 5. c3 a6 6. Ba4 c4 7. Bc2 b5 8. d4 cxd3 9. Bxd3 Bb7 10. Bf4 Ng6 11. Bg3 Bc5 12. h4 h6 13. Qe2 0-0 14. e5 f5 15. exf6 Qxf6 16. Qe4 Nge7 17. Nbd2 Nf5 18. Kh2 d5 19. Qe2 Rae8 20. Nb3 Bb6 21. a4 bxa4 22. Rxa4 a5 23. Bb5 e5 24. Rg4 e4 25. Ne1 a4 26. Nd2 Nxg3 27. fxg3 Qe6 28. Rxf8+ Rxf8 29. Rxe4 Qd6 30. Re6 Qc5 31. Nef3 Nd8 32. Re8 Bc7 33. Rxf8+ Qxf8 34. Bxa4 Qd6 35. Qe8+ Kh7 36. Bc2+ g6 37. Qe1 Ne6 38. h5 Kg7 39. Bxg6 d4 40. cxd4 Nxd4 41. Nxd4 Qf6 42. Nf5+ 1-0

[Event "Wch U16 blitz"]
[Site "Rhodes"]
[Date "2022.05.03"]
[Round "4"]
[White "Tobak, Mikhail"]
[Black "Kusiak, Mateusz"]
[Result "1-0"]
[WhiteElo "2068"]
[BlackElo "1631"]
[PlyCount "44"]
[EventDate "2022.05.03"]
[EventType "swiss (blitz)"]
[EventRounds "9"]
[EventCountry "GRE"]
[SourceTitle "CBM 208 Extra"]
[Source "ChessBase"]
[SourceDate "2022.07.31"]
[SourceVersion "1"]
[SourceVersionDate "2022.07.31"]
[SourceQuality "1"]

1. e4 c5 2. Nf3 Nf6 3. e5 Nd5 4. d4 cxd4 5. Qxd4 e6 6. c4 Nc6 7. Qe4 Nc7 8. Nc3 Bb4 9. Bd3 b6 10. Qg4 Kf8 11. h4 d5 12. Bg5 Qd7 13. 0-0 h6 14. Be3 Bb7 15. cxd5 Bxc3 16. dxc6 Bxc6 17. Rad1 Bxf3 18. Qxf3 Bxe5 19. Be4 Nd5 20. Bxd5 Rb8 21. Bb3 Qe7 22. Bf4 Bxf4 1-0